[Event "Bundesliga 9697"]
[Site "Deutschland"]
[Date "1996.??.??"]
[Round "?.4"]
[White "Vaganian, Rafael A"]
[Black "Movsziszian, Karen"]
[Result "1-0"]
[WhiteElo "2595"]
[BlackElo "2470"]
[PlyCount "77"]
[EventDate "1996.10.??"]
[EventType "team"]
[EventRounds "15"]
[EventCountry "GER"]
[SourceTitle "Bundesliga 9697"]
[Source "DeepChess"]
[SourceDate "2005.01.01"]
[SourceVersion "1"]
[SourceVersionDate "2005.01.01"]
[SourceQuality "1"]
[WhiteTeam "SG Porz e.V."]
[BlackTeam "Hamburger SK 1830 e.V."]
[WhiteTeamCountry "GER"]
[BlackTeamCountry "GER"]

1. d4 g6 2. g3 Bg7 3. Bg2 d6 4. Nf3 Nf6 5. O-O O-O 6. c4 Nc6 7. Nc3 a6 8. h3
Re8 9. e4 e5 10. Be3 exd4 11. Nxd4 Bd7 12. Nxc6 Bxc6 13. Qc2 Qe7 14. Bd4 Bd7
15. Rad1 c6 16. b4 a5 17. b5 Be6 18. bxc6 bxc6 19. Na4 c5 20. Ba1 Rab8 21. a3
Qc7 22. Rd2 h5 23. Rfd1 Rbd8 24. f4 Bd7 25. Nc3 h4 26. g4 Re6 27. e5 dxe5 28.
Nb5 Qb8 29. g5 Nh5 30. Rxd7 Rxd7 31. Rxd7 exf4 32. Qd2 Re8 33. Rb7 Qd8 34. Qxd8
Rxd8 35. Bxg7 Rd1+ 36. Kf2 Rd2+ 37. Ke1 Rxg2 38. Be5 Kf8 39. Nd6 1-0

[Event "Bundesliga 9697"]
[Site "Deutschland"]
[Date "1996.??.??"]
[Round "?.5"]
[White "Michaelsen, Nils"]
[Black "Stangl, Markus"]
[Result "1/2-1/2"]
[WhiteElo "2440"]
[BlackElo "2565"]
[PlyCount "108"]
[EventDate "1996.10.??"]
[EventType "team"]
[EventRounds "15"]
[EventCountry "GER"]
[SourceTitle "Bundesliga 9697"]
[Source "DeepChess"]
[SourceDate "2005.01.01"]
[SourceVersion "1"]
[SourceVersionDate "2005.01.01"]
[SourceQuality "1"]
[WhiteTeam "Hamburger SK 1830 e.V."]
[BlackTeam "SG Porz e.V."]
[WhiteTeamCountry "GER"]
[BlackTeamCountry "GER"]

1. d4 d5 2. c4 c6 3. Nc3 e5 4. dxe5 d4 5. Ne4 Qa5+ 6. Bd2 Qxe5 7. Ng3 Nf6 8.
Nf3 Qd6 9. Qc2 Be7 10. O-O-O O-O 11. e3 dxe3 12. fxe3 Rd8 13. Be2 Qc7 14. Bc3
Na6 15. Rxd8+ Qxd8 16. Rd1 Qb6 17. Nd4 Bb4 18. Ndf5 Bxf5 19. Nxf5 Bxc3 20. Qxc3
Nb4 21. Kb1 Qa5 22. Ne7+ Kf8 23. a3 Kxe7 24. Qxb4+ Qxb4 25. axb4 a5 26. bxa5
Rxa5 27. Kc2 h5 28. Rd4 Re5 29. Kd2 Ne4+ 30. Ke1 g6 31. b4 Nd6 32. Kf2 c5 33.
bxc5 Rxc5 34. Bf3 b6 35. Bd5 f5 36. e4 Kf6 37. exf5 Kxf5 38. Bg8 Ke5 39. Rd5+
Rxd5 40. cxd5 Ne4+ 41. Kf3 Nf6 42. Bf7 g5 43. g3 b5 44. Ke2 h4 45. gxh4 gxh4
46. Kf3 b4 47. d6 Kxd6 48. Kf4 Nd5+ 49. Kg4 b3 50. Kxh4 b2 51. Bg6 Ke5 52. Kg5
Nc3 53. Bc2 b1=Q 54. Bxb1 Nxb1 1/2-1/2

[Event "Bundesliga 9697"]
[Site "Deutschland"]
[Date "1996.??.??"]
[Round "?.6"]
[White "Vogt, Lothar"]
[Black "Heinemann, Thies"]
[Result "0-1"]
[WhiteElo "2505"]
[BlackElo "2420"]
[PlyCount "72"]
[EventDate "1996.10.??"]
[EventType "team"]
[EventRounds "15"]
[EventCountry "GER"]
[SourceTitle "Bundesliga 9697"]
[Source "DeepChess"]
[SourceDate "2005.01.01"]
[SourceVersion "1"]
[SourceVersionDate "2005.01.01"]
[SourceQuality "1"]
[WhiteTeam "SG Porz e.V."]
[BlackTeam "Hamburger SK 1830 e.V."]
[WhiteTeamCountry "GER"]
[BlackTeamCountry "GER"]

1. e4 c5 2. c3 d5 3. exd5 Qxd5 4. d4 e6 5. Be3 cxd4 6. cxd4 Nf6 7. Nc3 Qd6 8.
Nf3 Be7 9. Bd3 O-O 10. Qc2 Nc6 11. a3 Bd7 12. Rd1 Rac8 13. O-O Rfd8 14. Ng5 h6
15. Bh7+ Kf8 16. Nxf7 Kxf7 17. Qg6+ Kf8 18. Bxh6 Ne8 19. Rd3 Nxd4 20. Be3 Rc4
21. b3 Rxc3 22. Rxd4 Qc7 23. Bg5 Bxg5 24. Qxg5 e5 25. Rd2 Nf6 26. Bg6 Rc1 27.
Rdd1 Rxd1 28. Rxd1 Be8 29. Rf1 Bxg6 30. Qxg6 Qc3 31. Qf5 Qxb3 32. Qxe5 Qxa3 33.
h3 Qd6 34. Qa5 a6 35. Rb1 b5 36. Ra1 b4 0-1

[Event "Bundesliga 9697"]
[Site "Deutschland"]
[Date "1996.??.??"]
[Round "?.7"]
[White "Wegner, Hannu"]
[Black "Mainka, Romuald"]
[Result "0-1"]
[WhiteElo "2350"]
[BlackElo "2455"]
[PlyCount "78"]
[EventDate "1996.10.??"]
[EventType "team"]
[EventRounds "15"]
[EventCountry "GER"]
[SourceTitle "Bundesliga 9697"]
[Source "DeepChess"]
[SourceDate "2005.01.01"]
[SourceVersion "1"]
[SourceVersionDate "2005.01.01"]
[SourceQuality "1"]
[WhiteTeam "Hamburger SK 1830 e.V."]
[BlackTeam "SG Porz e.V."]
[WhiteTeamCountry "GER"]
[BlackTeamCountry "GER"]

1. d4 f5 2. Nc3 Nf6 3. Bg5 d5 4. Bxf6 exf6 5. e3 Be6 6. Bd3 Nc6 7. Qf3 Qd7 8.
a3 O-O-O 9. Nge2 Kb8 10. O-O-O Ne7 11. h3 h5 12. h4 g6 13. Kb1 Nc8 14. Nf4 Bf7
15. Qe2 c6 16. Na4 Nd6 17. Nc5 Qe8 18. Qe1 Rg8 19. Be2 Nc4 20. Nb3 Qe7 21. Qc3
Nd6 22. Qe1 Ka8 23. Rc1 Qc7 24. Nc5 Re8 25. Nfd3 b6 26. Nb3 Ne4 27. Nf4 Bd6 28.
g3 c5 29. dxc5 bxc5 30. Nd2 Rb8 31. Nxe4 dxe4 32. c3 Qa5 33. c4 Qxa3 34. Qc3
Rb3 35. Qxf6 Rgb8 36. Rc2 R3b6 37. Kc1 Bxf4 38. Qxf7 Qa1+ 39. Kd2 Rd8+ 0-1

[Event "Bundesliga 9697"]
[Site "Deutschland"]
[Date "1996.??.??"]
[Round "?.8"]
[White "Holzke, Frank"]
[Black "Wilhelmi, Christian"]
[Result "1-0"]
[WhiteElo "2375"]
[BlackElo "2355"]
[PlyCount "61"]
[EventDate "1996.10.??"]
[EventType "team"]
[EventRounds "15"]
[EventCountry "GER"]
[SourceTitle "Bundesliga 9697"]
[Source "DeepChess"]
[SourceDate "2005.01.01"]
[SourceVersion "1"]
[SourceVersionDate "2005.01.01"]
[SourceQuality "1"]
[WhiteTeam "SG Porz e.V."]
[BlackTeam "Hamburger SK 1830 e.V."]
[WhiteTeamCountry "GER"]
[BlackTeamCountry "GER"]

1. e4 c5 2. Nf3 Nc6 3. d4 cxd4 4. Nxd4 Nf6 5. Nc3 d6 6. Bg5 e6 7. Qd2 a6 8.
O-O-O h6 9. Bf4 Bd7 10. Nxc6 Bxc6 11. f3 d5 12. Qe1 Bb4 13. a3 Ba5 14. exd5
Bxd5 15. Be5 Bxc3 16. Bxc3 O-O 17. Kb1 Nd7 18. h4 Rc8 19. Rh3 Qc7 20. Rd4 Rfe8
21. Qd2 f6 22. g4 Ne5 23. g5 Nxf3 24. Rxf3 Bxf3 25. Rd7 Qxd7 26. Qxd7 Rcd8 27.
Qa4 fxg5 28. Bd3 g4 29. Qf4 Rd7 30. Qe5 Kh8 31. Qh5 1-0

[Event "Bundesliga 9697"]
[Site "Deutschland"]
[Date "1997.??.??"]
[Round "?.1"]
[White "Schlosser, Philipp"]
[Black "Wahls, Matthias"]
[Result "0-1"]
[WhiteElo "2560"]
[BlackElo "2605"]
[PlyCount "48"]
[EventDate "1996.10.??"]
[EventType "team"]
[EventRounds "15"]
[EventCountry "GER"]
[SourceTitle "Bundesliga 9697"]
[Source "DeepChess"]
[SourceDate "2005.01.01"]
[SourceVersion "1"]
[SourceVersionDate "2005.01.01"]
[SourceQuality "1"]
[WhiteTeam "SK Passau 1869"]
[BlackTeam "Hamburger SK 1830 e.V."]
[WhiteTeamCountry "GER"]
[BlackTeamCountry "GER"]

1. d4 Nf6 2. c4 e6 3. Nf3 Bb4+ 4. Nbd2 O-O 5. a3 Be7 6. e4 d5 7. e5 Nfd7 8. b4
a5 9. b5 c5 10. Bb2 cxd4 11. cxd5 exd5 12. Be2 a4 13. Bxd4 Nc5 14. O-O Bg4 15.
Bb2 Nbd7 16. Nd4 Bxe2 17. Qxe2 Nxe5 18. Nf5 f6 19. Nf3 Ng6 20. Rad1 Qd7 21.
N3h4 Rfe8 22. Qg4 Kf7 23. Qh5 Bf8 24. Rxd5 Qxd5 0-1

[Event "Bundesliga 9697"]
[Site "Deutschland"]
[Date "1997.??.??"]
[Round "?.2"]
[White "Ftacnik, Lubomir"]
[Black "Smejkal, Jan"]
[Result "1/2-1/2"]
[WhiteElo "2595"]
[BlackElo "2505"]
[PlyCount "33"]
[EventDate "1996.10.??"]
[EventType "team"]
[EventRounds "15"]
[EventCountry "GER"]
[SourceTitle "Bundesliga 9697"]
[Source "DeepChess"]
[SourceDate "2005.01.01"]
[SourceVersion "1"]
[SourceVersionDate "2005.01.01"]
[SourceQuality "1"]
[WhiteTeam "Hamburger SK 1830 e.V."]
[BlackTeam "SK Passau 1869"]
[WhiteTeamCountry "GER"]
[BlackTeamCountry "GER"]

1. Nf3 c5 2. b3 Nf6 3. Bb2 e6 4. c4 Nc6 5. g3 Be7 6. Bg2 O-O 7. O-O d5 8. e3 b6
9. Nc3 Bb7 10. cxd5 Nxd5 11. Nxd5 Qxd5 12. d4 Rad8 13. Ne5 Qd6 14. dxc5 Qxc5
15. Qe2 Nxe5 16. Bxb7 Bf6 17. Rfd1 1/2-1/2

[Event "Bundesliga 9697"]
[Site "Deutschland"]
[Date "1997.??.??"]
[Round "?.3"]
[White "Wells, Peter K"]
[Black "Mueller, Karsten"]
[Result "1/2-1/2"]
[WhiteElo "2495"]
[BlackElo "2500"]
[PlyCount "66"]
[EventDate "1996.10.??"]
[EventType "team"]
[EventRounds "15"]
[EventCountry "GER"]
[SourceTitle "Bundesliga 9697"]
[Source "DeepChess"]
[SourceDate "2005.01.01"]
[SourceVersion "1"]
[SourceVersionDate "2005.01.01"]
[SourceQuality "1"]
[WhiteTeam "SK Passau 1869"]
[BlackTeam "Hamburger SK 1830 e.V."]
[WhiteTeamCountry "GER"]
[BlackTeamCountry "GER"]

1. d4 d5 2. c4 c6 3. Nf3 Nf6 4. Nc3 e6 5. Bg5 h6 6. Bxf6 Qxf6 7. g3 Nd7 8. Bg2
dxc4 9. O-O Bb4 10. Qc2 Qe7 11. Ne4 e5 12. Qxc4 exd4 13. Qxd4 O-O 14. Rfd1 Re8
15. Nfd2 f5 16. a3 fxe4 17. axb4 Nf6 18. Nc4 Qxb4 19. Nb6 Qxd4 20. Rxd4 Rb8 21.
Rxa7 Bg4 22. Kf1 Re7 23. Na4 Re5 24. Nc3 Bf5 25. Ke1 Re7 26. h3 Rbe8 27. Rb4
Bc8 28. e3 h5 29. Rd4 Bf5 30. Rb4 Bc8 31. Rd4 Bf5 32. Rb4 Bc8 33. Rd4 Bf5
1/2-1/2

[Event "Bundesliga 9697"]
[Site "Deutschland"]
[Date "1997.??.??"]
[Round "?.5"]
[White "Gross, David2"]
[Black "Michaelsen, Nils"]
[Result "0-1"]
[WhiteElo "2335"]
[BlackElo "2440"]
[PlyCount "90"]
[EventDate "1996.10.??"]
[EventType "team"]
[EventRounds "15"]
[EventCountry "GER"]
[SourceTitle "Bundesliga 9697"]
[Source "DeepChess"]
[SourceDate "2005.01.01"]
[SourceVersion "1"]
[SourceVersionDate "2005.01.01"]
[SourceQuality "1"]
[WhiteTeam "SK Passau 1869"]
[BlackTeam "Hamburger SK 1830 e.V."]
[WhiteTeamCountry "GER"]
[BlackTeamCountry "GER"]

1. d4 d5 2. c4 e6 3. Nc3 c5 4. cxd5 exd5 5. Nf3 Nc6 6. g3 Nf6 7. Bg2 Be7 8. O-O
O-O 9. b3 Ne4 10. Bb2 Bf6 11. Na4 b6 12. Rc1 Re8 13. dxc5 Bxb2 14. Nxb2 bxc5
15. Nd2 Qf6 16. Na4 Ba6 17. Bxe4 dxe4 18. Nxc5 Nd4 19. Ndxe4 Qe5 20. f4 Qd5 21.
e3 Bxf1 22. Qxd4 Qxd4 23. exd4 Bh3 24. d5 Rad8 25. Rd1 Bf5 26. Nc3 Re3 27. Nb5
a6 28. Nc7 Bg4 29. Rd2 a5 30. d6 Rc3 31. Ne4 Rc1+ 32. Kf2 Bf5 33. Kf3 h5 34.
Nb5 Bd7 35. Nd4 Bg4+ 36. Ke3 Re1+ 37. Kd3 f5 38. Nf2 Rxd6 39. h3 Bf3 40. Kc4
Be4 41. g4 fxg4 42. hxg4 h4 43. f5 Rc1+ 44. Kb5 Rd5+ 45. Kb6 Bg2 0-1

[Event "Bundesliga 9697"]
[Site "Deutschland"]
[Date "1997.??.??"]
[Round "?.6"]
[White "Loeffler, Stefan"]
[Black "Baumhus, Reinhard"]
[Result "0-1"]
[WhiteElo "2410"]
[BlackElo "2355"]
[PlyCount "88"]
[EventDate "1996.10.??"]
[EventType "team"]
[EventRounds "15"]
[EventCountry "GER"]
[SourceTitle "Bundesliga 9697"]
[Source "DeepChess"]
[SourceDate "2005.01.01"]
[SourceVersion "1"]
[SourceVersionDate "2005.01.01"]
[SourceQuality "1"]
[WhiteTeam "Hamburger SK 1830 e.V."]
[BlackTeam "SK Passau 1869"]
[WhiteTeamCountry "GER"]
[BlackTeamCountry "GER"]

1. Nf3 d5 2. c4 d4 3. g3 Nc6 4. Bg2 g6 5. b4 Bg7 6. b5 Nb8 7. O-O Nh6 8. d3 O-O
9. Nbd2 a6 10. Ne4 Nf5 11. Qa4 Nd6 12. Nxd6 cxd6 13. Bb2 Qb6 14. Rab1 a5 15.
Qc2 Nd7 16. Rbe1 e5 17. Nh4 Qd8 18. e3 dxe3 19. fxe3 Qc7 20. Rc1 Rb8 21. d4 Bh6
22. Qd3 b6 23. Bd5 Kg7 24. Bc6 f6 25. Rcd1 Rf7 26. Ng2 Nf8 27. dxe5 dxe5 28.
Ba3 Bg4 29. Bd6 Qc8 30. Rd2 Rbb7 31. Bxb7 Qxb7 32. Qd5 Ne6 33. Rxf6 Qxd5 34.
Rxf7+ Kxf7 35. cxd5 Nd4 36. Bxe5 Nf3+ 37. Kf2 Nxd2 38. Bd4 Ne4+ 39. Ke1 Nc5 40.
Nf4 Bxf4 41. gxf4 Ke7 42. e4 Bf3 43. Bxc5+ bxc5 44. b6 Kd7 0-1

[Event "Bundesliga 9697"]
[Site "Deutschland"]
[Date "1997.??.??"]
[Round "?.7"]
[White "Schlingensiepen, Christian"]
[Black "Heinemann, Thies"]
[Result "0-1"]
[WhiteElo "2290"]
[BlackElo "2425"]
[PlyCount "120"]
[EventDate "1996.10.??"]
[EventType "team"]
[EventRounds "15"]
[EventCountry "GER"]
[SourceTitle "Bundesliga 9697"]
[Source "DeepChess"]
[SourceDate "2005.01.01"]
[SourceVersion "1"]
[SourceVersionDate "2005.01.01"]
[SourceQuality "1"]
[WhiteTeam "SK Passau 1869"]
[BlackTeam "Hamburger SK 1830 e.V."]
[WhiteTeamCountry "GER"]
[BlackTeamCountry "GER"]

1. e4 c5 2. Nc3 d6 3. g3 Nc6 4. Bg2 g6 5. d3 Bg7 6. Be3 e6 7. Qd2 Rb8 8. Nf3 e5
9. O-O Nge7 10. Nh4 O-O 11. f4 exf4 12. Bxf4 Nd4 13. Nd5 Nxd5 14. exd5 Nf5 15.
Bg5 Qc7 16. Rae1 f6 17. Nxf5 Bxf5 18. Bf4 Rbe8 19. h3 Bd7 20. Kh2 Rxe1 21. Rxe1
Re8 22. Rxe8+ Bxe8 23. d4 c4 24. Qb4 Bf8 25. Bf1 b5 26. a4 a6 27. axb5 axb5 28.
b3 cxb3 29. Qxb3 Qa5 30. h4 Qe1 31. Qf3 Bd7 32. Bd3 Qe8 33. Bd2 Qf7 34. g4 Be7
35. Kg3 Qe8 36. Qf1 Qb8 37. Bb4 Kf7 38. Qf4 Kg7 39. h5 Qf8 40. Bd2 Kf7 41.
hxg6+ hxg6 42. Qf1 Qb8 43. Qe2 Qe8 44. Qh2 Qg8 45. Bf4 Ke8 46. Qh1 Kf7 47. Qb1
g5 48. Be3 Qh8 49. Qg1 Qh4+ 50. Kf3 Qh3+ 51. Ke2 Qxg4+ 52. Qxg4 Bxg4+ 53. Kd2
Bd7 54. Kc3 f5 55. Kb4 f4 56. Bg1 Kf6 57. Bxb5 Bxb5 58. Kxb5 Kf5 59. c4 g4 60.
c5 g3 0-1

[Event "Bundesliga 9697"]
[Site "Deutschland"]
[Date "1997.??.??"]
[Round "?.8"]
[White "Sievers, Stefan"]
[Black "Goetz, Ralph"]
[Result "1/2-1/2"]
[WhiteElo "2375"]
[BlackElo "2310"]
[PlyCount "27"]
[EventDate "1996.10.??"]
[EventType "team"]
[EventRounds "15"]
[EventCountry "GER"]
[SourceTitle "Bundesliga 9697"]
[Source "DeepChess"]
[SourceDate "2005.01.01"]
[SourceVersion "1"]
[SourceVersionDate "2005.01.01"]
[SourceQuality "1"]
[WhiteTeam "Hamburger SK 1830 e.V."]
[BlackTeam "SK Passau 1869"]
[WhiteTeamCountry "GER"]
[BlackTeamCountry "GER"]

1. e4 c5 2. Nf3 Nc6 3. d4 cxd4 4. Nxd4 Nf6 5. Nc3 Qb6 6. Nb3 e6 7. g3 a6 8. Bg2
Qc7 9. O-O Be7 10. a4 d6 11. Qe2 O-O 12. g4 d5 13. exd5 Nb4 14. f4 1/2-1/2

[Event "Bundesliga 9697"]
[Site "Deutschland"]
[Date "1996.??.??"]
[Round "?.1"]
[White "Wahls, Matthias"]
[Black "Van der Sterren, Paul"]
[Result "1-0"]
[WhiteElo "2540"]
[BlackElo "2510"]
[PlyCount "73"]
[EventDate "1996.10.??"]
[EventType "team"]
[EventRounds "15"]
[EventCountry "GER"]
[SourceTitle "Bundesliga 9697"]
[Source "DeepChess"]
[SourceDate "2005.01.01"]
[SourceVersion "1"]
[SourceVersionDate "2005.01.01"]
[SourceQuality "1"]
[WhiteTeam "Hamburger SK 1830 e.V."]
[BlackTeam "SV Castrop Rauxel 1923"]
[WhiteTeamCountry "GER"]
[BlackTeamCountry "GER"]

1. e4 e5 2. Nf3 Nc6 3. Bb5 a6 4. Ba4 Nf6 5. O-O Be7 6. Re1 b5 7. Bb3 d6 8. c3
O-O 9. h3 Na5 10. Bc2 c5 11. d4 Qc7 12. Nbd2 cxd4 13. cxd4 Nc6 14. Nb3 a5 15.
Be3 a4 16. Nbd2 Bd7 17. Rc1 Qb7 18. Nf1 Rfe8 19. Ng3 h6 20. Bb1 Bd8 21. a3 Ba5
22. Re2 Rac8 23. Rec2 Qb8 24. dxe5 dxe5 25. Nh5 Nxh5 26. Qxd7 Nf6 27. Qf5 Re6
28. Ba2 g6 29. Bxe6 gxf5 30. Bxc8 Ne7 31. Bxf5 Kg7 32. Rc5 Nxf5 33. exf5 Ne4
34. Rxe5 Nd2 35. f6+ Kg6 36. Nh4+ Kxf6 37. Bd4 1-0

[Event "Bundesliga 9697"]
[Site "Deutschland"]
[Date "1996.??.??"]
[Round "?.2"]
[White "King, Daniel J"]
[Black "Ftacnik, Lubomir"]
[Result "1-0"]
[WhiteElo "2535"]
[BlackElo "2610"]
[PlyCount "67"]
[EventDate "1996.10.??"]
[EventType "team"]
[EventRounds "15"]
[EventCountry "GER"]
[SourceTitle "Bundesliga 9697"]
[Source "DeepChess"]
[SourceDate "2005.01.01"]
[SourceVersion "1"]
[SourceVersionDate "2005.01.01"]
[SourceQuality "1"]
[WhiteTeam "SV Castrop Rauxel 1923"]
[BlackTeam "Hamburger SK 1830 e.V."]
[WhiteTeamCountry "GER"]
[BlackTeamCountry "GER"]

1. c4 Nf6 2. Nc3 c5 3. g3 e6 4. Bg2 d5 5. d3 Be7 6. cxd5 exd5 7. Qb3 Nc6 8.
Nxd5 Nd4 9. Nxf6+ Bxf6 10. Qd1 Qb6 11. Nf3 Nxf3+ 12. Bxf3 O-O 13. O-O Be6 14.
Be3 Qxb2 15. Rb1 Qxa2 16. Bxc5 Rfd8 17. Bxb7 Rab8 18. d4 h5 19. e3 Bh3 20. Bg2
Bxg2 21. Kxg2 Rxb1 22. Qxb1 Qd5+ 23. f3 a5 24. Qb5 Qe6 25. Qd3 Qd5 26. Qe4 Qc4
27. Rf2 a4 28. Qc2 Qe6 29. Re2 Ra8 30. Qe4 Qa6 31. Ra2 Rb8 32. Qc2 Qe6 33. e4
Qc6 34. Rxa4 1-0

[Event "Bundesliga 9697"]
[Site "Deutschland"]
[Date "1996.??.??"]
[Round "?.3"]
[White "Mueller, Karsten"]
[Black "Hoffmann, Michael"]
[Result "1/2-1/2"]
[WhiteElo "2490"]
[BlackElo "2440"]
[PlyCount "31"]
[EventDate "1996.10.??"]
[EventType "team"]
[EventRounds "15"]
[EventCountry "GER"]
[SourceTitle "Bundesliga 9697"]
[Source "DeepChess"]
[SourceDate "2005.01.01"]
[SourceVersion "1"]
[SourceVersionDate "2005.01.01"]
[SourceQuality "1"]
[WhiteTeam "Hamburger SK 1830 e.V."]
[BlackTeam "SV Castrop Rauxel 1923"]
[WhiteTeamCountry "GER"]
[BlackTeamCountry "GER"]

1. e4 c5 2. Nf3 d6 3. d4 cxd4 4. Nxd4 Nf6 5. Nc3 a6 6. Bc4 e6 7. O-O Be7 8. Bb3
O-O 9. Be3 b5 10. f3 Bb7 11. a4 b4 12. Na2 d5 13. e5 Nfd7 14. f4 Nc6 15. c3
bxc3 16. Nxc3 1/2-1/2

[Event "Bundesliga 9697"]
[Site "Deutschland"]
[Date "1996.??.??"]
[Round "?.4"]
[White "Appel, Ralf"]
[Black "Movsziszian, Karen"]
[Result "1/2-1/2"]
[WhiteElo "2490"]
[BlackElo "2470"]
[PlyCount "156"]
[EventDate "1996.10.??"]
[EventType "team"]
[EventRounds "15"]
[EventCountry "GER"]
[SourceTitle "Bundesliga 9697"]
[Source "DeepChess"]
[SourceDate "2005.01.01"]
[SourceVersion "1"]
[SourceVersionDate "2005.01.01"]
[SourceQuality "1"]
[WhiteTeam "SV Castrop Rauxel 1923"]
[BlackTeam "Hamburger SK 1830 e.V."]
[WhiteTeamCountry "GER"]
[BlackTeamCountry "GER"]

1. Nf3 Nf6 2. g3 g6 3. Bg2 Bg7 4. O-O O-O 5. c4 d6 6. Nc3 Nc6 7. d4 a6 8. b3
Rb8 9. a4 a5 10. Bb2 Bf5 11. d5 Nb4 12. Nd4 Bd7 13. h3 c6 14. Na2 c5 15. Nxb4
axb4 16. Nb5 Ra8 17. Qc2 Qc8 18. Kh2 Bf5 19. e4 Nxe4 20. Bxg7 Nc3 21. Qb2 Kxg7
22. Nxc3 bxc3 23. Qxc3+ Kg8 24. Rae1 Re8 25. Re3 h5 26. Rfe1 Qc7 27. Be4 Bc8
28. Qc2 Kh7 29. Qe2 Qd7 30. Bg2 e5 31. dxe6 Rxe6 32. Rxe6 fxe6 33. Be4 Kg7 34.
Qd3 Qf7 35. Kg2 Ra6 36. Re3 Qf6 37. Rf3 Qd4 38. Bxg6 Qxd3 39. Bxd3 Bd7 40. Be4
Bc6 41. Bxc6 bxc6 42. Rc3 Kf6 43. Kf3 Rb6 44. Ke2 Rb8 45. Kd2 e5 46. Kc2 e4 47.
f3 Ke5 48. fxe4 Kxe4 49. Kb2 Kd4 50. Rf3 d5 51. Kc2 Rg8 52. Rf6 Ke3 53. cxd5
cxd5 54. Rf5 Ke4 55. Rf4+ Ke3 56. Rf5 Ke4 57. Rxh5 Rxg3 58. a5 Rg2+ 59. Kb1 Rg6
60. Kb2 Ra6 61. Rh4+ Ke3 62. Ra4 d4 63. Ra2 Ke4 64. Kc2 Rh6 65. a6 Rxh3 66. a7
Rh2+ 67. Kb1 Rh1+ 68. Kb2 Rh2+ 69. Ka3 Rh8 70. Ka4 Kd3 71. Kb5 Kc3 72. Kxc5
Kxb3 73. a8=Q Rxa8 74. Rxa8 d3 75. Kd4 d2 76. Ra1 Kb2 77. Rd1 Kc2 78. Rxd2+
Kxd2 1/2-1/2

[Event "Bundesliga 9697"]
[Site "Deutschland"]
[Date "1996.??.??"]
[Round "?.5"]
[White "Michaelsen, Nils"]
[Black "Libeau, Rene"]
[Result "1/2-1/2"]
[WhiteElo "2440"]
[BlackElo "2450"]
[PlyCount "62"]
[EventDate "1996.10.??"]
[EventType "team"]
[EventRounds "15"]
[EventCountry "GER"]
[SourceTitle "Bundesliga 9697"]
[Source "DeepChess"]
[SourceDate "2005.01.01"]
[SourceVersion "1"]
[SourceVersionDate "2005.01.01"]
[SourceQuality "1"]
[WhiteTeam "Hamburger SK 1830 e.V."]
[BlackTeam "SV Castrop Rauxel 1923"]
[WhiteTeamCountry "GER"]
[BlackTeamCountry "GER"]

1. d4 e6 2. c4 Nf6 3. Nc3 Bb4 4. Qc2 O-O 5. a3 Bxc3+ 6. Qxc3 b6 7. Bg5 c5 8.
dxc5 bxc5 9. e3 Bb7 10. f3 a5 11. Nh3 d6 12. Rd1 Ra6 13. Be2 h6 14. Bf4 Nh5 15.
O-O Qe7 16. Rd2 Nd7 17. Rfd1 e5 18. Bg3 Nxg3 19. hxg3 Rb8 20. Nf2 a4 21. Bd3
Ba8 22. Bc2 Nf6 23. g4 e4 24. f4 Ne8 25. Re1 Bc6 26. g3 Rab6 27. Bd1 Qb7 28.
Ree2 Kf8 29. Kg2 Bd7 30. Bc2 Bc6 31. Bd1 Bd7 1/2-1/2

[Event "Bundesliga 9697"]
[Site "Deutschland"]
[Date "1996.??.??"]
[Round "?.6"]
[White "Dinstuhl, Volkmar"]
[Black "Loeffler, Stefan"]
[Result "1/2-1/2"]
[WhiteElo "2405"]
[BlackElo "2410"]
[PlyCount "86"]
[EventDate "1996.10.??"]
[EventType "team"]
[EventRounds "15"]
[EventCountry "GER"]
[SourceTitle "Bundesliga 9697"]
[Source "DeepChess"]
[SourceDate "2005.01.01"]
[SourceVersion "1"]
[SourceVersionDate "2005.01.01"]
[SourceQuality "1"]
[WhiteTeam "SV Castrop Rauxel 1923"]
[BlackTeam "Hamburger SK 1830 e.V."]
[WhiteTeamCountry "GER"]
[BlackTeamCountry "GER"]

1. d4 d5 2. c4 e6 3. Nc3 Bb4 4. a3 Bxc3+ 5. bxc3 c5 6. e3 Ne7 7. Nf3 O-O 8. Bd3
dxc4 9. Bxc4 Qc7 10. Qd3 Nd7 11. O-O e5 12. Ng5 Ng6 13. f4 exd4 14. cxd4 cxd4
15. Qxd4 Qc5 16. Qc3 b5 17. Bb2 Nge5 18. fxe5 Qxc4 19. e6 Qxc3 20. Bxc3 fxe6
21. Nxe6 Rxf1+ 22. Rxf1 Bb7 23. Nxg7 Rc8 24. Rc1 Be4 25. Nh5 a5 26. Ng3 Bd3 27.
Kf2 Ne5 28. Ne2 Ng4+ 29. Kf3 Nxh2+ 30. Kg3 Bxe2 31. Kxh2 b4 32. axb4 axb4 33.
Bb2 Rxc1 34. Bxc1 Kf7 35. Kg3 Ke6 36. Kf4 Kd5 37. e4+ Kc4 38. Bb2 Kb3 39. Bd4
Kc2 40. e5 b3 41. e6 b2 42. Bxb2 Kxb2 43. e7 Bb5 1/2-1/2

[Event "Bundesliga 9697"]
[Site "Deutschland"]
[Date "1996.??.??"]
[Round "?.7"]
[White "Heinemann, Thies"]
[Black "Hennig, Dirk"]
[Result "1/2-1/2"]
[WhiteElo "2420"]
[BlackElo "2450"]
[PlyCount "33"]
[EventDate "1996.10.??"]
[EventType "team"]
[EventRounds "15"]
[EventCountry "GER"]
[SourceTitle "Bundesliga 9697"]
[Source "DeepChess"]
[SourceDate "2005.01.01"]
[SourceVersion "1"]
[SourceVersionDate "2005.01.01"]
[SourceQuality "1"]
[WhiteTeam "Hamburger SK 1830 e.V."]
[BlackTeam "SV Castrop Rauxel 1923"]
[WhiteTeamCountry "GER"]
[BlackTeamCountry "GER"]

1. e4 g6 2. d4 Bg7 3. Nf3 d6 4. c4 Bg4 5. Be2 Nc6 6. Be3 e5 7. d5 Bxf3 8. Bxf3
Nd4 9. O-O Ne7 10. Nc3 O-O 11. Bxd4 exd4 12. Ne2 c5 13. dxc6 Nxc6 14. Nf4 a5
15. Qb3 Ra7 16. Nd5 Re8 17. Rfd1 1/2-1/2

[Event "Bundesliga 9697"]
[Site "Deutschland"]
[Date "1996.??.??"]
[Round "?.8"]
[White "Hermesmann, Hans"]
[Black "Wegner, Hannu"]
[Result "1/2-1/2"]
[WhiteElo "2270"]
[BlackElo "2350"]
[PlyCount "37"]
[EventDate "1996.10.??"]
[EventType "team"]
[EventRounds "15"]
[EventCountry "GER"]
[SourceTitle "Bundesliga 9697"]
[Source "DeepChess"]
[SourceDate "2005.01.01"]
[SourceVersion "1"]
[SourceVersionDate "2005.01.01"]
[SourceQuality "1"]
[WhiteTeam "SV Castrop Rauxel 1923"]
[BlackTeam "Hamburger SK 1830 e.V."]
[WhiteTeamCountry "GER"]
[BlackTeamCountry "GER"]

1. d4 d5 2. c4 dxc4 3. e3 Nf6 4. Bxc4 e6 5. Nf3 c5 6. O-O a6 7. a4 Nc6 8. Qe2
cxd4 9. Rd1 Be7 10. exd4 O-O 11. Nc3 Nd5 12. Ne4 b6 13. Ne5 Bb7 14. b3 Ncb4 15.
Bd2 Nc2 16. Rac1 Nxd4 17. Qh5 g6 18. Qh3 Nf5 19. Bc3 1/2-1/2